Culture Générale - Série 757 - Statistiques

Statistiques générales
  • Ce quiz a été pris 214 fois
  • Le résultat moyen est 7 sur 10
Statistiques - réponses
Question Réponse % Correct
Elle peut être successivement : pleine, en croissant, gibbeuse ou nouvelle. Qui est-elle ? lune
94%
Complétez le titre du film réalisé en 2010 par Guillaume Canet, "Les petits ... mouchoirs
82%
Quelle grotte de Dordogne située près de Montignac surnomme-t-on parfois "La chapelle Sixtine de la préhistoire" ? Lascaux
77%
Qu'est-ce qui peut être un insigne royal, la partie d'une dent et une unité monétaire islandaise ? couronne
74%
Quelle commune du Morbihan est célèbre pour ses alignements de menhirs ? Carnac
69%
Quel artiste français est l'auteur et l'interprète de la chanson intitulée “Le Gorille” en 1952 ? Georges Brassens
66%
Dans le film de Claude Zidi "Les Ripoux", quel acteur incarne François, le partenaire de Philippe Noiret ? Thierry Lhermitte
56%
Lors de la finale de l'Euro 2000 face à l'Italie, quel joueur français fut l'auteur du "but en or" qui offrit la victoire aux Bleus ? David Trezeguet
55%
Quel musicien a célébré le passage à l'an 2000 en organisant un gigantesque spectacle au pied des pyramides d'Égypte ? Jean-Michel Jarre
54%
En 1984, quel groupe rencontre le succès avec la chanson : "You're My Heart, You're My Soul" ? Modern Talking
22%
Aucun quiz correspondant
Distribution des résultats
% des personnes avec chaque résultat
Percentile par nombre de réponses
Votre historique - résultats
Vous n’avez pas pris ce quiz